000 00390nam a2200133Ia 4500
008 191206s9999 xx 000 0 und d
020 _a312030266
090 _aPR60050H4764
245 0 _aHeart of darkness: A case study in contemporary criticism
260 _aSt. Martin's Press
260 _ccc1989
300 _a"x, 270 p. ; 22 cm."
999 _c16136
_d16136